Rwanda : Poverty Reduction Strategy Paper; Annual Progress Report.

This paper reviews the Annual Progress Report for Rwanda's Poverty Reduction Strategy Paper (PRSP). The performance of the Rwandan economy improved in 2004. GDP growth increased from 0.9 percent to 4.2 percent. The Government of Rwanda continued the implementation of its widespread program of r...

Volledige beschrijving

Bibliografische gegevens
Coauteur: International Monetary Fund
Formaat: Tijdschrift
Taal:English
Gepubliceerd in: Washington, D.C. : International Monetary Fund, 2006.
Reeks:IMF Staff Country Reports; Country Report ; No. 2006/061
Online toegang:Full text available on IMF
LEADER 01663cas a2200241 a 4500
001 AALejournalIMF008986
008 230101c9999 xx r poo 0 0eng d
020 |c 5.00 USD 
020 |z 9781451833393 
022 |a 1934-7685 
040 |a BD-DhAAL  |c BD-DhAAL 
110 2 |a International Monetary Fund. 
245 1 0 |a Rwanda :   |b Poverty Reduction Strategy Paper; Annual Progress Report. 
264 1 |a Washington, D.C. :  |b International Monetary Fund,  |c 2006. 
300 |a 1 online resource (117 pages) 
490 1 |a IMF Staff Country Reports 
500 |a <strong>Off-Campus Access:</strong> No User ID or Password Required 
500 |a <strong>On-Campus Access:</strong> No User ID or Password Required 
506 |a Electronic access restricted to authorized BRAC University faculty, staff and students 
520 3 |a This paper reviews the Annual Progress Report for Rwanda's Poverty Reduction Strategy Paper (PRSP). The performance of the Rwandan economy improved in 2004. GDP growth increased from 0.9 percent to 4.2 percent. The Government of Rwanda continued the implementation of its widespread program of reform of the national public finance management system. Progress on aid coordination and harmonization was consolidated during 2004 by putting in place some new structures, such as the External Finance Unit in Ministry of Finance and Economic Planning and the Development Partners Coordination Group secretariat. 
538 |a Mode of access: Internet 
830 0 |a IMF Staff Country Reports; Country Report ;  |v No. 2006/061 
856 4 0 |z Full text available on IMF  |u http://elibrary.imf.org/view/journals/002/2006/061/002.2006.issue-061-en.xml  |z IMF e-Library